Bibliografía del Dr. Eduardo Ripoll Perelló
Descripción Física:
49 p. ; 21 cm
Materias:
Ripoll i Perelló, Eduard -- Bibliografia
MARC
| LEADER | 00000nam a2200000Ia 4500 | ||
|---|---|---|---|
| 001 | 11416 | ||
| 008 | 160829s9999 xx 000 0 cat d | ||
| 080 | |a FU-12-86 | ||
| 100 | 1 | |a Ripoll i Perelló, Eduard, |d 1923-2006 |9 20913 | |
| 245 | |a Bibliografía del Dr. Eduardo Ripoll Perelló | ||
| 260 | |a Barcelona : |b (Imp. C.P. de Caridad), dl 1978 | ||
| 300 | |a 49 p. ; |c 21 cm | ||
| 650 | |a Ripoll i Perelló, Eduard |x Bibliografia |9 20914 | ||
| 901 | |a Arxiu | ||
| 942 | |n 1 | ||
| 952 | |0 0 |1 0 |4 0 |6 FU1286 |7 1 |9 41740 |a Arxiu |b Arxiu |d 2016-12-01 |l 0 |o FU-12-86 |p 11416 |r 2016-12-01 00:00:00 |w 2016-12-01 |y ARXIU | ||
| 999 | |c 43630 |d 43630 | ||